Statistics for Spider-Man PS4

Click here to take the quiz!

General Stats

  • This quiz has been taken 48 times
  • The average score is 11 of 16

Answer Stats

HintAnswer% Correct
Is Spider-manPeter Parker
100%
Peter Parker's girlfriend OoooooooMJ
81%
Bad dude that based costume on a rhinoRhino
81%
Die's at end(Also work at FEAST)Aunt May
78%
Bad dude with electricityElectro
78%
Person that owns FEASTMartin Li
78%
Lost father and became another spooder-manMiles
75%
Martin Li's villain nameMister Negative
72%
Norman's companyOscorp
72%
Bad dude that based name off of a desert animalScorpion
72%
Otto's companyOctavius Industries
58%
Final bossOtto
53%
Bad dude you fight 2 timesShocker
50%
CopYuri
44%
Minor character(against spider-man)JJ
42%
Mayor of the cityMayor Osborn
25%

Score Distribution

Percentile by Number Answered

Percent of People with Each Score

Your Score History

You have not taken this quiz